• 首页
  • 本馆介绍
  • 公告通知
  • 最新文献
  • 馆藏检索
  • 电子资源
  • 读者导购
  • 参考咨询
  • 我的图书馆
  • 登录
  • 详细信息显示
  • 放入我的书架
  • 预约/预借图书
  • 作者相关作品
  • 分类相关作品
  • 丛书相关作品
  • 出版社相关作品

书目信息

  • 表格格式
  • 工作单格式
  • 卡片格式
题名:
银幕旋律
    
 
作者: 天津人民出版社 编
分册:  
出版信息: 天津   天津人民出版社  1997.7
页数: 274页
开本: 21cm
丛书名: 世界经典音乐丛书
单 册:
中图分类: J652.4
科图分类:
主题词: 外国音乐--作品 , 音乐--各国--作品
电子资源:
ISBN: 7-201-02683-6
000 00741nam0 2200241 45
001 0003230817
005 20040511085317.4
010    @a7-201-02683-6@dCNY10.00
100    @a20000323d1997 km y0chiy0120 ea
101    @achi
105    @a z 000yy
200 1  @a银幕旋律@e经典影视插曲赏析@EJing Dian Ying Shi Cha Qu Shang Xi@AYin Mu Xuan Lu@f本社编@FBen She Bian
210    @a天津@c天津人民出版社@d1997.7
215    @a274页@d21cm
225    @a世界经典音乐丛书
410    @12001 @a世界经典音乐丛书
517    @a经典影视插曲赏析@AJing Dian Ying Shi Cha Qu Shang Xi
606 0  @a外国音乐@x作品
606 0  @a音乐@y各国@x作品
690    @aJ652.4@v1
701    @a天津人民出版社@4编
801    @aCN@bTSTC@c20000323
905    @dJ652.4@e222
    
    银幕旋律:经典影视插曲赏析/本社编.-天津:天津人民出版社,1997.7
    274页;21cm.-(世界经典音乐丛书)
    
    
    ISBN 7-201-02683-6:CNY10.00
    
●
相关链接 在E读中查询图书 在五车中查询图书 在当当中查询图书 在豆瓣中查询图书


正题名:银幕旋律     索取号:J652.4/222         预约/预借

序号 登录号 条形码 馆藏地/架位号 状态 备注
1 0276938   001496848   第一借阅区/ [索取号:J652.4/222] 在馆    
2 0276939   001496205   第一样本阅览室/ [索取号:J652.4/222] 在馆    
3 0276940   001496884   第一借阅区/ [索取号:J652.4/222] 在馆    
唐山师范学院图书馆 欢迎您!
大连网信软件有限公司© 版权所有